000 00813nam a22002297a 4500
003 UA-OsUOA
001 50319
007 ta
008 20140603b un ||||| |||| 00| 0 ukr d
090 _a94(477).09
_bУ45
942 _cBK
040 _aUA-OsUOA
_bukr
_cUA-OsUOA
_dUA-OsUOA
245 _aУкраїна в Другій світовій війні у документах
_bЗбірник німецьких архівних матеріалів (1944-1945)
_cупор. В. Косик
_nТ. 4
300 _a368 с.
955 _a1
041 _aukr
080 _a94(477).09
260 _aЛьвів
_c2000
650 7 _a9 Географія. Біографії. Історія
_2UDC
999 _c430442
_d430442